Расчет шахтного вертикального водопровода на устойчивость; Известия Сибирского Механико-Машиностроительного Института [Известия СММИ]; Т. 1 (52), вып. 1

Dettagli Bibliografici
Parent link:Известия Сибирского Механико-Машиностроительного Института [Известия СММИ]/ Сибирский механико-машиностроительный институт (СММИ).— , 1933-1934
Т. 1 (52), вып. 1.— 1933.— [С. 1-13]
Autore principale: Трапезников Г. В. Георгий Владимирович
Riassunto:Заглавие с титульного листа
Электронная версия печатной публикации
Lingua:russo
Pubblicazione: 1933
Soggetti:
Accesso online:Черно-белая версия для предварительного просмотра
Цветная версия без потери качества
Natura: MixedMaterials Elettronico Capitolo di libro
KOHA link:https://koha.lib.tpu.ru/cgi-bin/koha/opac-detail.pl?biblionumber=181945

MARC

LEADER 00000nla2a2200000 4500
001 181945
005 20231031171151.0
035 |a (RuTPU)RU\TPU\book\197227 
035 |a RU\TPU\book\196883 
090 |a 181945 
100 |a 20100615d1933 k y0rusy50 ca 
101 0 |a rus 
102 |a RU 
135 |a drnn ---uucaa 
181 0 |a i  
182 0 |a b 
200 1 |a Расчет шахтного вертикального водопровода на устойчивость  |b Электронный ресурс  |f Г. В. Трапезников 
203 |a Текст  |c электронный 
215 |a 2 файла (614 Кб, 16.1 Мб) 
230 |a Электронные текстовые данные (2 файла : 614 Кб, 16.1 Мб) 
300 |a Заглавие с титульного листа 
300 |a Электронная версия печатной публикации 
337 |a Adobe Reader 
461 1 |0 (RuTPU)RU\TPU\book\197225  |t Известия Сибирского Механико-Машиностроительного Института [Известия СММИ]  |f Сибирский механико-машиностроительный институт (СММИ)  |d 1933-1934 
463 1 |0 (RuTPU)RU\TPU\book\197226  |t Т. 1 (52), вып. 1  |v [С. 1-13]  |d 1933  |p 160 с. 
610 1 |a электронный ресурс 
610 1 |a труды учёных ТПУ 
700 1 |a Трапезников  |b Г. В.  |c российский инженер-механик  |c профессор по кафедре сопротивления материалов Томского индустриального института (ТИИ)  |c Репрессирован, расстрелян в 1937 г. Реабилитирован в августе 1959 г.  |f 1891-1937  |g Георгий Владимирович  |2 stltpush  |3 (RuTPU)RU\TPU\pers\21917 
801 1 |a RU  |b 63413507  |c 20090320  |g PSBO 
801 2 |a RU  |b 63413507  |c 20111111  |g PSBO 
856 4 |u http://www.lib.tpu.ru/fulltext/v/Bulletin_TPU/1933/v1_52_i1/a1_bw.pdf  |z Черно-белая версия для предварительного просмотра 
856 4 |u http://www.lib.tpu.ru/fulltext/v/Bulletin_TPU/1933/v1_52_i1/a1_full.pdf  |z Цветная версия без потери качества 
942 |c CF